Текст томруулах:    
Basic retailing (Бичлэгийн дугаар. 145948)
000 -УДИРДЛАГА
Удирдлага 00608nam a22002297a 4500
003 - ХЯНАЛТЫН ТОО ТОДОРХОЙЛОГЧ
Код MN-UlNUM
005 - БИЧИЛТ ХИЙСЭН ОГНОО
Тухайн бичилтийг бичсэн засварласан сүүлийн огноо 20251216152719.0
008 - ЕРӨНХИЙ МЭДЭЭЛЭЛ
Ерөнхий мэдээлэл 251216s1991 ilua b 001 0 eng
020 ## - ISBN
ISBN 025608792X
040 ## - БИЧЛЭГ ҮҮСГЭГЧ БАЙГУУЛЛАГА
Бичлэг үүсгэгч номын сангийн код МУИС-ийн номын сан
084 ## - ББК АНГИЛАЛ
Нэмэлт тусгалт Нэг сэдэвт бүтээл
ББК ангилал 65.42
Зохиогчийн гурван тэмдэгт B 29
Мэдлэгийн ялгаа 65 - Эдийн засаг
245 ## - ҮНДСЭН ГАРЧИГ
Номын нэр Basic retailing
Оролцогчдын тухай мэдээ Irving Burstiner
250 ## - ДАХИН ХЭВЛЭЛТ
Дахин гаралтын дугаар 2nd edition
260 ## - ГАРАЛТЫН МЭДЭЭ
Хэвлэгдсэн газар Homewood, IL
Хэвлэлийн газар Irwin
Хэвлэгдсэн он 1991
300 ## - МАТЕРИАЛЫН ТОДОРХОЙЛОЛТ
хуудасны тоо xxix, 770 p. :
Бусад тоон мэдээлэл ill. ;
Хэмжээ 24 cm.
500 ## - Тайлбар
Дансны дугаар БС 4380
546 ## - ХЭЛНИЙ ТУХАЙ МЭДЭЭ
Хэл Англи хэл дээр,
653 ## - Түлхүүр үг
Түлхүүр үг retail trade
942 ## - ЭЛЕМЕНТИЙН ТӨРӨЛ
Зүйлийн төрөл Ном